Top 10 des Chanteurs dans le monde - Statistiques

Statistiques générales
  • Ce quiz a été pris 867 fois
  • Le résultat moyen est 4 sur 10
Statistiques - réponses
Classement Réponse % Correct
5 Taylor Swift
65%
4 The Weeknd
56%
7 Ariana Grande
51%
1 Drake
42%
6 Justin Bieber
40%
8 Eminem
39%
3 Ed Sheeran
28%
2 Bad Bunny
21%
10 BTS
18%
9 Post Malone
7%
Aucun quiz correspondant
Distribution des résultats
% des personnes avec chaque résultat
Percentile par nombre de réponses
Votre historique - résultats
Vous n’avez pas pris ce quiz